000 01458nam0a22003011 4500
001 rc\4530917
005 20260407021516.0
021 _aRU
_b[63-78564]
035 _a(NLR Aleph) 008629609
090 _a8874005
_c8874005
100 _a20130416d1963 |||y0rusy50 ca
101 0 _arus
102 _aRU
105 _aa z |||||
200 1 _aКлиматотерапия на Черноморском побережье Кавказа
_eКраткое метод. руководство для врачей-курортологов
_fМ-во здравоохранения РСФСР. Сочин. науч.-исслед. ин-т курортологии и физиотерапии
210 _aСочи
_cБ. и.
_d1963
215 _a78 с., 1 л. граф.
_cил.
_d20
300 _aНа обороте тит. л. сост.: Н.А. Гавриков, Н.Е. Романов
320 _aСписок основной литературы по климатотерапии и климатологии: с. 73-76
606 _aКлиматотерапия
_yЧерноморское побережье Кавказа
_2psbo
702 1 _aРомнов
_bН.Е.
_4220
702 1 _aГавриков
_bН.А.
_4220
712 0 2 _aСочинский НИИ курортологии и физиотерапии
_3RU\NLR\AUTH\8810006474
_9510460
801 0 _aRU
_bNLR
_gpsbo
801 1 _aRU
_bELAR
_2rusmarc
852 _aNLR
_j63-4/16286
942 _cBOOK
980 _aNB